000 04551nab a2200337 i 4500
003 BR-BrBNA
005 20250917143009.0
008 250917b2021 bl.mr|pooa||| 00| 0 eng |
040 _aBR-BrBNA
_beng
072 _aF50
072 _aU10
100 _aGoergen , Patrícia C. H.
100 _aLago, Isabel
100 _aSchwab, Natalia T.
100 _aAlves , Alexandre F.
100 _aFreitas , Charles P. de O.
100 _aSelli, Verlaine S.
245 _aAllometric relationship and leaf area modeling estimation on chia by non-destructive method
500 _aPublicação on-line; 27 ref.; 4 illus; Sumaries (En, Pt)
520 _a ABSTRACT: This study aimed to obtain equations to estimate leaf area from linear leaf dimensions and establish the allometric relationship between leaf area and the number of leaves on the main stem of chia (Salvia hispanica L.) at different sowing times. The experiment was conducted in the agricultural year 2016/2017 on five sowing times in Santa Maria, RS, Brazil, in a randomized block design with four epetitions. In each plot, ten random plants were marked weekly during the vegetative phase to determine the number of leaves (NL) in the main stem, and three of these for the determination of leaf area (LA). A total of 70 leaves of different sizes were used to calibrate the model. Another 106 leaves were used to test the predictive capacity of the equations by various statistical indices. The length (L) and the largest leaf width (W) were measured. Leaf collection was carried out during the cycle, in all sowing times to represent all leaf sizes. The linear, quadratic, exponential, and potential models were adjusted. The non-destructive method, through the linear dimensions of the leaf, is appropriate for estimating the leaf area in chia. The general equation LA = 0.642 (L x W) can be used to estimate the leaf area of the chia plants without loss of precision. The potential model is appropriate to characterize the allometric relationship between leaf area evolution and the number of leaves accumulated in the main stem of chia at different sowing times. Key words: Salvia hispanica L., leaf area, mathematical models, linear dimensions, plant growth
520 _a RESUMO: Objetivou-se neste estudo obter equações para estimar a área foliar a partir de dimensões lineares da folha e estabelecer a relação alométrica entre a área foliar e o número de folhas da haste principal de chia (Salvia hispanica L.) em diferentes épocas de semeadura. O experimento foi conduzido no ano agrícola 2016/2017 em cinco épocas de semeadura em Santa Maria, RS, Brasil, em delineamento de blocos ao acaso com quatro repetições. Em cada parcela, dez plantas ao acaso foram marcadas para determinação semanal do número de folhas (NF) na haste principal durante a fase vegetativa, e três para determinação da área foliar (AF). Um total de 70 folhas de diferentes tamanhos foram usadas para calibrar o modelo e outras 106 folhas foram usadas para testar a capacidade preditiva das equações por vários índices estatísticos, nas quais foram medidos o comprimento (C) e a maior largura da folha (L). A coleta de folhas foi realizada durante o ciclo de desenvolvimento de todas as épocas de semeadura para ter representação de todos os tamanhos de folhas. Os modelos linear, quadrático, exponencial e potencial foram ajustados. O método não destrutivo, através das dimensões lineares da folha, é adequado para estimar a área foliar em chia. A equação geral AF = 0.642 (L x W) pode ser usada para estimar a área foliar das plantas de chia sem perda de precisão. O modelo potencial é adequado para caracterizar a relação alométrica entre a evolução da área foliar e o número de folhas acumuladas na haste principal de chia em diferentes épocas de semeadura. Palavras-chave: Salvia hispanica L., área foliar, modelos matemáticos, dimensões lineares, crescimento de planta
650 _aCHIA
650 _aCRESCIMENTO
650 _aÁREA FOLIAR
650 _aÉPOCA DE SEMEADURA
650 _aMODELO MATEMÁTICO
773 0 _03534
_9317809
_dCampina Grande-PB Universidade Federal de Campina Grande. Centro de Ciências e Tecnologia 1997
_o2024-4528
_tRevista Brasileira de Engenharia Agrícola e Ambiental (Brazil)
_x1415-4366
_gv. 25 (5) p. 305-311; (2021)
_wBR2025003652
856 _uhttps://www.scielo.br/j/rbeaa/a/B7JD4ZgJt74dDXc6ssLfSwv/?format=pdf&lang=en
942 _cANA
999 _c338221
_d338221